Datum a čas kvízu
14
Celkem bodů
Celkový počet nahraných bodů na tomto kvízu bez doplňovacích otázek.
7.
Pořadí na kvízu
Konečné umístění týmu na tomto kvízu.
Zaznamenané odpovědi
| # | Otázka | Odpověď | Body | Výsledky |
|---|---|---|---|---|
| 1. | Jeden z vysokých ústavních čin... | Radek Vondráček | 0 | |
| 2. | Ve stínu událostí českých parl... | Ministr zahraničí. | 0 | |
| 3. | Jedna britská kapela se rozhod... | Rolling Stones | 0 | |
| 4. | Po 75 letech existence minulý... | Alitalia | 0 | |
| 5. | Jak se jmenuje desetiletý ryzá... | Talent | 1 | |
| 6. | Pokřín obecný je rostlina, kte... | mandragora | 0 | |
| 7. | Blahočet je jehličnatý strom j... | araukárie | 1 | |
| 7. | Sušený pelyněk kozalec se užív... | estragon | 0 | |
| 9. | Ledvinovník západní je tropick... | oříšky kešu | 0 | |
| 10. | Paznehtník je metr vysoká byli... | akant | 0 |